Statistics for Olivia Rodrigo - So American Lyrics

Click here to take the quiz!

General Stats

  • This quiz has been taken 281 times
    (184 since last reset)
  • The average score is 257 of 291

Answer Stats

Answer% Correct
a
99%
he
99%
He
99%
go
98%
I
97%
I'm
97%
says
97%
American
96%
And
96%
and
96%
so
96%
him
95%
Oh
95%
this
95%
God
94%
jokes
94%
my
94%
all
93%
if
93%
lo-lo-lo-lo-lo-lo-
lo-lo-lo-lo-lo-lo-
93%
lo-lo-lo-lo-lo-lo-
lo-lo-lo-lo-lo-lo-
93%
love
93%
just
92%
laughs
92%
marry
92%
at
91%
up
91%
be
90%
in
90%
it
90%
shit
90%
to
90%
To
90%
gonna
89%
it's
89%
keeps
89%
me
89%
not
89%
make
87%
might
87%
the
87%
The
87%
fair
86%
feel
86%
of
86%
goes
85%
his
84%
on
84%
anywhere
83%
clothes
83%
he's
83%
pretty
83%
much
82%
wearin'
82%
when
82%
When
82%
you
81%
Drivin'
80%
wish
79%
right
78%
road
78%
side
78%
conversation
77%
like
77%
about
76%
I'll
76%
poem
76%
rude
76%
but
75%
But
75%
Can't
75%
cold
75%
got
75%
that
75%
too
75%
with
75%
wrote
75%
hands
74%
have
73%
little
73%
boring
72%
soon
72%
way
72%
seem
70%
apologize
69%
ever
69%
hard
69%
hell
69%
books
68%
read
68%
dress
67%
sleep
66%
Think
65%
assume
64%
dashboard
64%
bed
63%
Feet
61%
really
61%
come
60%
man
60%
don't
59%
wanna
59%
ain't
58%
stuff
58%
were
58%

Score Distribution

Percentile by Number Answered

Percent of People with Each Score

Your Score History

You have not taken this quiz since the last reset